000 00473nam a2200169Ia 4500
003 GCL
008 140319s9999 xx 000 0 eng d
040 _aGCL /
_cGCL
082 0 4 _aCC
_b770.962
_bS E
100 1 _aSIMOEN, JEAN-CLAUDE
245 1 0 _aEGYPTE ETERNELLE: LES VOYAGEURS PHOTOGRAPHES AU SIECLE DERNIER /
_cSIMOEN, JEAN-CLAUDE
260 _a[S.N] :
_bJCLATTES ،
_c1993
300 _a142 P
650 0 4 _aEGYPT, PHOTOGRAPHS
650 0 4 _aTRAVEL
942 _2ddc
_cBK
999 _c19558
_d19558